|
|
|
|
| LEADER |
00000nab a2200000 a 4500 |
| 001 |
vtls000073589 |
| 003 |
SK-MaSNL |
| 005 |
20260304071743.0 |
| 008 |
250422c1980 xo 0 slo |
| 015 |
|
|
|a SNBRB19rr/mm-uuuuu
|
| 035 |
|
|
|a CL0083690
|
| 035 |
|
|
|a urn:nbn:sk:snk-ab6mco
|
| 035 |
|
|
|a (uuid)cd99c947-055f-4249-b475-053015f89f03
|
| 035 |
|
|
|a (urnnbn)urn:nbn:sk:snk:ar-005hdi
|
| 035 |
|
|
|a (sysno)vtls000073589
|
| 040 |
|
|
|a SNKBUCL
|b slo
|c SNKBUCL
|e AACR2
|
| 041 |
0 |
|
|a slo
|
| 044 |
|
|
|a xo
|c SK
|
| 080 |
|
|
|a 614.2
|2 1981
|
| 080 |
|
|
|a 929 Gajdoš, M.
|2 1981
|
| 100 |
1 |
|
|a Matejčík, Emil
|4 aut
|9 1359204
|
| 245 |
1 |
0 |
|a Doc. MUDr. M. Gajdoš päťdesiatročný
|c Emil Matejčík
|
| 300 |
|
|
|b Obr. 1.
|
| 600 |
1 |
7 |
|a Gajdoš, Martin,
|d 1930-1982
|2 snkbucl
|9 40223
|
| 655 |
|
7 |
|a články z novín a časopisov
|2 snkbucl
|9 267496
|
| 773 |
0 |
|
|t Lekársky obzor
|g Roč. 29, č. 11 (1980), s. 649-651
|
| 850 |
|
|
|a Slovenská národná knižnica
|
| 852 |
|
|
|a Slovenská národná knižnica
|
| 954 |
|
|
|a odborná, vedecká literatúra pôvodná (slovenská)
|2 lita
|
| 958 |
|
|
|a article2022
|
| 958 |
|
|
|a OND
|
| 958 |
|
|
|a RK
|
| 958 |
|
|
|a MI
|
| 958 |
|
|
|a EUIPO
|
| 992 |
|
|
|a RBX
|
| 999 |
|
|
|c 2761920
|d 2763850
|